| 000 | 00350nam a22001337a 4500 | ||
|---|---|---|---|
| 008 | 250403b |||||||| |||| 00| 0 eng d | ||
| 020 | _a9783727869 | ||
| 050 |
_aHF4267 _b.A34 |
||
| 100 | _aADETIFA Bayo S. | ||
| 245 | _aCorporate Finance and Investment Strategy | ||
| 260 |
_aLagos _bThe Chartered Institute _c2005 |
||
| 300 | _axx, 894p. | ||
| 942 | _cBK | ||
| 999 |
_c2836 _d2836 |
||